000
00216nam a2200097Ia 4500
008
190216s9999||||xx |||||||||||||| ||und||
100
_a
Null
245
0
_a
Hindi-Manak Hindi Kosh
260
_b
S Chand & Co
942
_c
BK
999
_c
17873
_d
17873